| 000 | 01518cam a2200397 a 4500 | ||
|---|---|---|---|
| 003 | CHAP | ||
| 005 | 20220329142756.0 | ||
| 008 | 030903d2002 mx ad r 10100 spa d | ||
| 010 | _a87641 | ||
| 011 | _a88613 | ||
| 020 | _a970189197X | ||
| 035 | _a99158 | ||
| 040 | _cCHAP | ||
| 082 | 0 | 4 |
_a632.752 _bC6 |
| 111 | 0 | 0 |
_aCongreso Nacional de Control Biológico _n(25o. : _d2002 : _cHermosillo, Son.) _926927 |
| 245 | 1 | 0 |
_aSimposio internacional: _bpiojos harinosos _c/ed. por Héctor González Hernández, Agustín Fú Castillo y Reginaldo Báez Sañudo |
| 260 |
_aHermosillo, Son. : _bSociedad Mexicana de Control Biológico, _c2002 |
||
| 300 |
_a36 p. : _bilus. ; gráfs. ; tablas |
||
| 590 |
_aBATCH-UPD _b10 _c20130110 _lUCH01 _h0404 |
||
| 590 |
_aBATCH-UPD _b10 _c20130110 _lUCH01 _h2057 |
||
| 590 |
_aBATCH-UPD _b10 _c20130410 _lUCH01 _h0037 |
||
| 590 |
_aBATCH-UPD _b10 _c20130410 _lUCH01 _h1533 |
||
| 590 |
_aBATCH-UPD _b10 _c20130914 _lUCH01 _h1047 |
||
| 590 |
_aCONVERSION _b10 _c20130109 _lUCH01 _h1349 |
||
| 650 | 1 | 4 |
_aControl biológico de plagas _xCongresos. _927588 |
| 650 | 1 | 4 |
_aParasitoides. _985467 |
| 650 | 1 | 4 |
_aPlanococcus. _988752 |
| 650 | 1 | 4 |
_aUva _xPlagas. _9117135 |
| 700 | 0 |
_aFú Castillo, Agustín Alberto _e, ed. _942744 |
|
| 700 | 0 |
_aGonzález Hernández, Héctor _e, ed. _949038 |
|
| 901 | _aBK | ||
| 905 | _aMarco A. Mendoza T. | ||
| 942 | _cLIBRO | ||
| 949 |
_a632.752 C6 _bBC _cCONG _d991581 _eCONG _h103928 _i99158 _sb |
||
| 949 |
_a632.752 C6 _bBC _cLIBRO _d33724000896536 _eLIBRO _fc.2 _h103929 _i99158 _sb |
||
| 999 |
_c87641 _d87641 |
||